000 00330nam a2200133Ia 4500
005 20260328101524.0
008 260328s9999||||xx |||||||||||||| ||und||
100 _aBrödner, Erika
245 0 _aModernes Wohnen /
_cErika Brödner
260 _bHermann Rinn
300 _a174 p.
650 _aARQUITECTURA RESIDENCIAL
942 _cBK
999 _c9718
_d9718